00421nam a2200145Ia 4500003000400000008004100004040001600045082001800061100003700079245007100116300001000187490001600197650002800213650003400241GCL140319s9999 xx 000 0 ara d aGCL / cGCL04a813.03bج ص1 aجبرا ابراهيم جبرا10aصراخ فى ليل طويل / cجبرا ابراهيم جبرا a104ص aكتابv004aالادب العربى04aالقصص الروائية